000 00276nam a2200121Ia 4500
008 241002s9999 xx 000 0 und d
082 _a577 ROU
100 _aRougemont, Denis
245 0 _aPassion and society
260 _aLondon:
_cN/A
600 _aLiterature
942 _cUC
999 _c18905
_d18905